Pokémon - Les attaques de Cryodo - Statistiques

Statistiques générales
  • Ce quiz a été pris 11 fois
  • Le résultat moyen est 10 sur 12
Statistiques - réponses
Niveaux Types Noms des attaques % Correct
Niveau 40 Normal Bélier
100%
Départ Normal Charge
100%
Niveau 12 Dragon Draco-Souffle
100%
Niveau 45 Glace Laser Glace
100%
Niveau 50 Ténèbres Mâchouille
100%
Niveau 24 Ténèbres Morsure
100%
Niveau 6 Glace Vent Glace
100%
Niveau 29 Glace Crocs Givre
83%
Niveau 55 Glace Chute Glace
67%
Départ Normal Groz'Yeux
67%
Départ Dragon Draco-Queue
50%
Niveau 18 Normal Puissance
33%
Aucun quiz correspondant
Distribution des résultats
% des personnes avec chaque résultat
Percentile par nombre de réponses
Votre historique - résultats
Vous n’avez pas pris ce quiz